Historia de la poesía castellana en la edad media

Sábháilte in:
Sonraí bibleagrafaíochta
Príomhchruthaitheoir: Menéndez y Pelayo, Marcelino (autor)
Formáid: LEABHAR
Teanga:Spáinnis
Foilsithe / Cruthaithe: Madrid Librería General de Victoriano Suárez 1911
Ábhair:
Clibeanna: Cuir clib leis
Níl clibeanna ann, Bí ar an gcéad duine le clib a chur leis an taifead seo!

MARC

LEADER 00000nam a2200000 a 4500
001 UCI6694
003 CL-VaPUC
008 080523e19110000SP |||||||||||||||||spa|d
082 0 4 |a 861.9  |b MEN  |2 21 
100 |a Menéndez y Pelayo, Marcelino  |e autor  |9 478094 
245 1 0 |a Historia de la poesía castellana en la edad media 
300 |a 3 v 
942 |c BK 
945 |d 20080523 00:00:00  |a rbrito 
260 |a Madrid  |b Librería General de Victoriano Suárez  |c 1911 
500 |a Donación Padres Capuchinos 
650 0 |a Poesía española  |9 264938 
650 0 |a Historia y crítica   |9 257407 
650 0 |a Edad media  |9 258041 
650 0 |a Crítica literaria   |9 269189 
583 |a last modification  |c 20080523 00:00:00  |k Rodrigo Vera 
999 |c 330144  |d 330142 
952 |0 0  |1 0  |4 0  |6 861_900000000000000_MEN_1911  |7 0  |8 X  |9 415526  |a FDOBUD  |b FDOBUD  |d 2019-11-22  |h v.1  |i 444311K  |o 861.9 MEN 1911  |p 444311K  |r 2019-11-22  |w 2019-11-22  |y BK_X  |k BUD 
952 |0 0  |1 0  |4 0  |6 861_900000000000000_MEN_1911  |7 0  |8 X  |9 415527  |a FDOBUD  |b FDOBUD  |d 2019-11-22  |h v.2  |i 4443128  |o 861.9 MEN 1911  |p 4443128  |r 2019-11-22  |w 2019-11-22  |y BK_X  |k BUD 
952 |0 0  |1 0  |4 0  |6 861_900000000000000_MEN_1911  |7 0  |8 X  |9 415528  |a FDOBUD  |b FDOBUD  |d 2019-11-22  |h v.3  |i 4443136  |o 861.9 MEN 1911  |p 4443136  |r 2019-11-22  |w 2019-11-22  |y BK_X  |k BUD